USA States - Statistics

General Stats
  • This quiz has been taken 12 times
  • The average score is 29 of 50
Answers on the Map
Answers color-coded by a green-red scale on the quiz's map according to % correct below.
 
Answer Stats
Answer % Correct
Alaska
90%
Hawaii
90%
Texas
90%
Alabama
80%
California
80%
Florida
80%
New York
80%
Arizona
70%
Colorado
70%
Delaware
70%
Georgia
70%
Maine
70%
Ohio
70%
Vermont
70%
Virginia
70%
Washington
70%
Arkansas
60%
Connecticut
60%
Idaho
60%
Louisiana
60%
Maryland
60%
Montana
60%
Nevada
60%
New Jersey
60%
New Mexico
60%
Pennsylvania
60%
South Dakota
60%
West Virginia
60%
Wyoming
60%
Indiana
50%
Kansas
50%
Massachusetts
50%
Michigan
50%
Mississippi
50%
Missouri
50%
Nebraska
50%
New Hampshire
50%
North Dakota
50%
Oregon
50%
Rhode Island
50%
Tennessee
50%
Iowa
40%
Kentucky
40%
North Carolina
40%
Oklahoma
40%
South Carolina
40%
Utah
40%
Wisconsin
40%
Minnesota
30%
Illanois
0%
No matching quizzes found
Score Distribution
Percent of People with Each Score
Percentile by Number Answered
Your Score History
You have not taken this quiz